000 00425nam a2200181Ia 4500
005 20240823021332.0
008 240823s9999||||xx |||||||||||||| ||und||
041 _aENGLISH
082 _A547.7
100 _aWong C P Ed.
245 0 _aPolymers for Electronic and Photonic Applications
250 _a1st
260 _bAcademic
500 _aTRANSFERED
650 _aPolymer
_bPhysics
942 _cBK
999 _c176813
_d176813